Jusqu'où irez vous ? #10 (Culture Générale) - Statistiques

Statistiques générales
  • Ce quiz a été pris 161 fois
  • Le résultat moyen est 8 sur 35
Statistiques - réponses
Hint Réponse % Correct
On commence par une blague :
Un chien et un pêcheur sont dans un bateau. Le chien pète, le pêcheur se noie. Quelle est la race du chien ?
Un ________ois
Pekin
100%
Personne chagrine, qui trouble la joie des autres : ________-joie Rabat
90%
Habitant de Prague et Bratislava jusqu'en 1992 : Tchec________vaque Oslo
84%
Chanson de Jacques Brel, sortie en 1964 Amsterdam
66%
Compétition annuelle de rallye-raid créée en 1978 par Thierry Sabine : Rallye ________ Dakar
62%
Acte formel de l'État à la suite d'une tragédie ou d'un événement important : Mise en ________ (Drapeau en ________) Berne
51%
Capitale qui n'a que deux lettres de différentes par rapport à celle de la Roumanie (en 3e et 5e position tout en ayant le même nombre de lettres) Budapest
50%
Acte qui confère et atteste un titre, un grade : Dip________ Lome
43%
Ensemble de circonstances atmosphériques et météorologiques (humidité, pressions, températures…) propres à une région : C________t Lima
41%
Voiture fermée tirée par des chevaux qui servait à transporter des voyageurs : ________gence Dili
40%
Se prononce en français comme une traduction du terme anglais low cost Bakou
25%
Habitant de la préfecture de la Loire : Step________s Hanoi
24%
Répertoire Opérationnel des Métiers et Emplois Rome
23%
Plante aquatique à tige droite et lisse, présente dans le titre d'une fable de La Fontaine : Le Chêne et le ......» Roseau
23%
Familièrement Homme d'apparence virile Male
14%
Concept proposé pour expliquer l'attachement psychologique de victimes ou d'otages envers leurs bourreaux : Syndrome de ________ Stockholm
14%
Série télévisée espagnole diffusée sur Netflix fin 2023, spin off de la casa de papel Berlin
13%
Capitale qui serait aussi des instruments à percussion de la famille des idiophones si elle commençait par un M au lieu d'un C Caracas
10%
De nombreux légumes et plantes médicinales parmi les plus importants au monde, comme la carotte, le céleri, la coriandre, le fenouil et le cumin, appartiennent à la famille des : ________cées Apia
7%
Ville où a été élu maire en 2014 le champion du monde poids lourds en boxe Vitali Klitschko Kiev
7%
Chanson de l'opérette Le Chanteur de ________ , interprétée par Luis Mariano et éditée en disque en 1952 Mexico
7%
Prénom de l'actrice, productrice, réalisatrice et scénariste américaine, fille de Francis Ford Coppola Sofia
7%
Je suis composé de 4 lettres. Quand je déplace la 4e lettre en 1ere position et je retire la lettre qui est devenu 4e :
je me transforme alors en une jeune personne dont l'âge est compris entre la puberté et l'âge adulte. Quelle capitale suis-je ?
Doha
6%
Code postal 98000 Monaco
5%
Surnom de la capitale à trouver de 1918 à 1934 alors qu'elle est dirigée par une coalition de sociaux-démocrates et de chrétiens-sociaux influencés par l'austromarxisme : ________ la rouge Vienne
5%
Etoffe de soie, monochrome, avec une armure satin, caractérisée par un contraste de brillance entre le fond et le dessin formé par le tissage : Damas
4%
S'écrit Скопје dans la langue de son pays Skopje
4%
Surnoms de la commune française de Montreuil (Seine-Saint-Denis), en raison de la part importante de sa population venant de ce pays : ________-sur-Seine (même si cette dernière n'y coule pas) Le petit ________ Bamako
3%
En 1526, François Ier céde la Bourgogne à l'Espagne, renonçant aux prétentions de la France en Italie et à sa souveraineté sur les Flandres et l'Artois : Traité de ________ Madrid
3%
Premier débarquement amphibie du corps des Marines (3-4 mars 1776) : Bataille de ________ Nassau
3%
Qui présente au nominatif et au génitif singulier le même nombre de syllabes : ________yllabe Paris
3%
Danse traditionnelle de Provence, du Dauphiné et du Québec à deux temps et plutôt vive : ________udon Riga
3%
Capitale bâtie sur le versant sud-ouest du mont Titano Saint Marin
3%
Morceau du rappeur Kaaris sur l'album Le Bruit de mon âmeDeuxième ville du Liban en nombre d'habitants (après Beyrouth) et donc surtout Capitale d'un pays Tripoli
3%
Et pour finir: quelle capitale est aussi un État fictif d'Amérique, siège d'une des aventures de Tanguy et Laverdure : Les Anges noirs en 1968 ? Managua
2%
Aucun quiz correspondant
Distribution des résultats
% des personnes avec chaque résultat
Percentile par nombre de réponses
Votre historique - résultats
Vous n’avez pas pris ce quiz